[Event "1. Bundesliga 2018/2019"]
[Site "St. Veit an der Glan"]
[Date "2019.01.17"]
[Round "5"]
[Board "3"]
[White "Papp, Gabor"]
[Black "Skoberne, Jure"]
[Result "1-0"]
[WhiteElo "2598"]
[BlackElo "2567"]
[PlyCount "39"]
[EventDate "2018.11.15"]
[EventType "team"]
[EventRounds "11"]
[EventCountry "AUT"]
[WhiteTeam "mpimmo Wien - SK Ottakring"]
[BlackTeam "SV Raika Rapid Feffernitz"]

1.e4 d6 2.d4 Nf6 3.Nc3 g6 4.Bf4 Bg7 5.Qd2 O-O 6.Bh6 e5 7.Bxg7 Kxg7 8.Nge2 c6 9.O-O-O
Qa5 10.h4 b5 11.dxe5 dxe5 12.h5 Be6 13.hxg6 fxg6 14.Qd6 Re8 15.Qxe5 Nbd7 16.Qg5 Qc7
17.Nd4 Ne5 18.f4 Nf7 19.Qh4 h6 20.e5  1-0

[Event "1. Bundesliga 2018/2019"]
[Site "St. Veit an der Glan"]
[Date "2019.01.17"]
[Round "5"]
[Board "4"]
[White "Schreiner, Peter"]
[Black "Blohberger, Felix"]
[Result "1-0"]
[WhiteElo "2477"]
[BlackElo "2464"]
[PlyCount "51"]
[EventDate "2018.11.15"]
[EventType "team"]
[EventRounds "11"]
[EventCountry "AUT"]
[WhiteTeam "SV Raika Rapid Feffernitz"]
[BlackTeam "mpimmo Wien - SK Ottakring"]

1.Nf3 Nf6 2.g3 b6 3.d4 Bb7 4.c4 e6 5.Bg2 Bb4+ 6.Bd2 a5 7.O-O O-O 8.Bg5 Be7 9.Qc2 h6
10.Bxf6 Bxf6 11.Nc3 g6 12.e4 Bg7 13.Rad1 d6 14.e5 dxe5 15.Nxe5 Qc8 16.f4 Bxg2 17.Qxg2
Nd7 18.Qc6 Rd8 19.Nb5 Rb8 20.Na7 Nxe5 21.dxe5 Qa6 22.Qxc7 Rf8 23.Rd7 Kh7 24.a4 h5
25.b3 Kh6 26.h4  1-0

[Event "1. Bundesliga 2018/2019"]
[Site "St. Veit an der Glan"]
[Date "2019.01.17"]
[Round "5"]
[Board "5"]
[White "Steindl, Johannes"]
[Black "Diermair, Andreas"]
[Result "0-1"]
[WhiteElo "2264"]
[BlackElo "2482"]
[PlyCount "40"]
[EventDate "2018.11.15"]
[EventType "team"]
[EventRounds "11"]
[EventCountry "AUT"]
[WhiteTeam "mpimmo Wien - SK Ottakring"]
[BlackTeam "SV Raika Rapid Feffernitz"]

1.e4 c6 2.d4 d5 3.f3 Qb6 4.Nc3 e6 5.Qd3 Nf6 6.e5 Nfd7 7.Bd2 c5 8.Qb5 Qc7 9.Qa4 Nc6
10.Nge2 a6 11.dxc5 Nxc5 12.Qh4 Be7 13.Qg3 Qxe5 14.Bf4 Qf6 15.h4 Qg6 16.Bg5 Qxc2 17.Kf2
f6 18.Bf4 O-O 19.Kg1 d4 20.Nd1 e5  0-1

[Event "1. Bundesliga 2018/2019"]
[Site "St. Veit an der Glan"]
[Date "2019.01.17"]
[Round "5"]
[Board "6"]
[White "Sebenik, Matej"]
[Black "Bauer, Thomas"]
[Result "1-0"]
[WhiteElo "2517"]
[BlackElo "2185"]
[PlyCount "89"]
[EventDate "2018.11.15"]
[EventType "team"]
[EventRounds "11"]
[EventCountry "AUT"]
[WhiteTeam "SV Raika Rapid Feffernitz"]
[BlackTeam "mpimmo Wien - SK Ottakring"]

1.Nf3 Nf6 2.c4 g6 3.Nc3 Bg7 4.e4 d6 5.d4 O-O 6.Be2 e5 7.O-O Nc6 8.Be3 Ng4 9.Bg5 f6
10.Bh4 g5 11.Bg3 Nh6 12.dxe5 dxe5 13.Qb3 g4 14.Rad1 Qe7 15.Nd5 Qf7 16.Nh4 Be6 17.Qxb7
Nd4 18.Rxd4 exd4 19.Qxc7 Rfd8 20.Qxf7+ Kxf7 21.Bf4 Rd7 22.Rd1 Rc8 23.Bxh6 Bxh6 24.Rxd4
Bc1 25.b3 Bxd5 26.Rxd5 Rxd5 27.exd5 h5 28.Nf5 Ba3 29.h3 Kg6 30.hxg4 Re8 31.Kf1 Bb4
32.Ne3 hxg4 33.Bxg4 Kg5 34.Be6 f5 35.Ke2 f4 36.Nc2 Be7 37.b4 Kf6 38.Kd3 Ke5 39.c5
Bh4 40.c6 Bd8 41.Na3 Re7 42.Nc4+ Kf6 43.f3 Rg7 44.Bh3 a5 45.b5  1-0

[Event "1. Bundesliga 2018/2019"]
[Site "St. Veit an der Glan"]
[Date "2019.01.17"]
[Round "5"]
[Board "1"]
[White "Michalik, Peter"]
[Black "Nisipeanu, Liviu-Dieter"]
[Result "1/2-1/2"]
[WhiteElo "2577"]
[BlackElo "2680"]
[PlyCount "73"]
[EventDate "2018.11.15"]
[EventType "team"]
[EventRounds "11"]
[EventCountry "AUT"]
[WhiteTeam "SK Mayrhofen/Zell/Zillertal"]
[BlackTeam "Schachklub Sparkasse Jenbach"]

1.e4 c5 2.Nf3 e6 3.d4 cxd4 4.Nxd4 Nf6 5.Nc3 d6 6.g4 e5 7.Nf5 h5 8.g5 Nxe4 9.Nxg7+
Bxg7 10.Nxe4 d5 11.Ng3 Nc6 12.c3 e4 13.Nxh5 Be5 14.f4 exf3 15.Qxf3 Be6 16.Bg2 Qb6
17.Nf6+ Bxf6 18.Qxf6 Kd7 19.Qf2 Qxf2+ 20.Kxf2 Rh4 21.Be3 Ne5 22.h3 Nc4 23.Bd4 Rg8
24.Kg3 Rh6 25.h4 f6 26.Kf2 fxg5 27.hxg5 Rxh1 28.Rxh1 Rxg5 29.b3 Nd6 30.Rh7+ Kc6 31.Bf3
Bg4 32.Bh1 Bf5 33.Rh6 Rg6 34.Rxg6 Bxg6 35.Bf3 Bb1 36.c4 Be4 37.cxd5+  1/2-1/2

[Event "1. Bundesliga 2018/2019"]
[Site "St. Veit an der Glan"]
[Date "2019.01.17"]
[Round "5"]
[Board "2"]
[White "Volokitin, Andrei"]
[Black "Votava, Jan"]
[Result "1-0"]
[WhiteElo "2637"]
[BlackElo "2518"]
[PlyCount "83"]
[EventDate "2018.11.15"]
[EventType "team"]
[EventRounds "11"]
[EventCountry "AUT"]
[WhiteTeam "Schachklub Sparkasse Jenbach"]
[BlackTeam "SK Mayrhofen/Zell/Zillertal"]

1.e4 e5 2.Nf3 Nc6 3.Bb5 a6 4.Ba4 Nf6 5.O-O Be7 6.Re1 b5 7.Bb3 O-O 8.a4 Rb8 9.axb5
axb5 10.c3 d6 11.d4 exd4 12.cxd4 Bg4 13.Nc3 Qd7 14.d5 Bxf3 15.gxf3 Ne5 16.f4 Qh3 17.Re3
Qh4 18.fxe5 Ng4 19.Qf3 Qxh2+ 20.Kf1 Nxe3+ 21.Bxe3 Qxe5 22.Rd1 Qf6 23.Qg2 Qh4 24.Rd4
b4 25.Na2 f5 26.exf5 Qh5 27.Rg4 Bf6 28.Nxb4 Bxb2 29.Bc2 Ra8 30.Nc6 Rfe8 31.Qf3 Kh8
32.Ke2 Bf6 33.Rc4 Qh2 34.Nd4 Ra1 35.Ne6 Qg1 36.Qh3 Qe1+ 37.Kf3 Ra2 38.Rxc7 Qa5 39.Be4
Qb5 40.Kg2 Ra1 41.Bc1 Ra4 42.Bg5  1-0

[Event "1. Bundesliga 2018/2019"]
[Site "St. Veit an der Glan"]
[Date "2019.01.17"]
[Round "5"]
[Board "3"]
[White "Lanka, Zigurds"]
[Black "Bluebaum, Matthias"]
[Result "0-1"]
[WhiteElo "2403"]
[BlackElo "2610"]
[PlyCount "102"]
[EventDate "2018.11.15"]
[EventType "team"]
[EventRounds "11"]
[EventCountry "AUT"]
[WhiteTeam "SK Mayrhofen/Zell/Zillertal"]
[BlackTeam "Schachklub Sparkasse Jenbach"]

1.Nf3 d5 2.c4 d4 3.g3 c5 4.b4 cxb4 5.a3 b3 6.d3 Nc6 7.Bg2 e5 8.O-O Nf6 9.Nbd2 a5 10.Qxb3
a4 11.Qb5 Ra5 12.Qb1 Bc5 13.Ng5 Be7 14.Nge4 Nd7 15.c5 Nxc5 16.Nc4 Nb3 17.Nxa5 Ncxa5
18.Ra2 O-O 19.Rc2 Be6 20.f4 f5 21.Ng5 Bxg5 22.fxg5 Bd5 23.e3 Nc6 24.Bxd5+ Qxd5 25.Rcf2
dxe3 26.Bxe3 g6 27.Qc2 Rd8 28.Bb6 Rd7 29.Qc4 Qxc4 30.dxc4 Kf7 31.Kg2 Ke6 32.Re1 e4
33.Be3 Ne5 34.Rc2 Rd3 35.Bf4 Nf3 36.Rb1 Nfd4 37.Rcb2 Rc3 38.h4 Rxc4 39.h5 Rc6 40.hxg6
hxg6 41.Rh1 Nc2 42.Ra2 b5 43.Rh8 Nbd4 44.Kh3 Kd5 45.Rb2 e3 46.Re8 Re6 47.Rc8 e2 48.Bd2
e1=Q 49.Bxe1 Nxe1 50.Rd8+ Rd6 51.Re8 Nec2  0-1

[Event "1. Bundesliga 2018/2019"]
[Site "St. Veit an der Glan"]
[Date "2019.01.17"]
[Round "5"]
[Board "5"]
[White "Hausner, Ivan"]
[Black "Shengelia, David"]
[Result "1/2-1/2"]
[WhiteElo "2349"]
[BlackElo "2530"]
[PlyCount "89"]
[EventDate "2018.11.15"]
[EventType "team"]
[EventRounds "11"]
[EventCountry "AUT"]
[WhiteTeam "SK Mayrhofen/Zell/Zillertal"]
[BlackTeam "Schachklub Sparkasse Jenbach"]

1.c4 b6 2.Nc3 Bb7 3.d4 Nf6 4.Nf3 e6 5.g3 Bb4 6.Bg2 Ne4 7.Bd2 Bxc3 8.bxc3 Nxd2 9.Qxd2
Nc6 10.O-O Na5 11.c5 O-O 12.Rac1 d5 13.Ne5 Ba6 14.Rfd1 Nc4 15.Nxc4 Bxc4 16.e4 c6 17.exd5
cxd5 18.cxb6 axb6 19.Rc2 Ra3 20.Bf1 Bxf1 21.Rxf1 Qc7 22.Rb1 Rfa8 23.Rb3 R3a5 24.Qe2
h6 25.Rcb2 R8a6 26.Qc2 Qa7 27.Qb1 Rxa2 28.Rxa2 Rxa2 29.Rxb6 g5 30.Kg2 Kg7 31.Rb2 Ra1
32.Qd3 Qa3 33.Qd2 Qa4 34.Qe2 Qd1 35.Qxd1 Rxd1 36.g4 Rc1 37.Rb3 Kg6 38.h3 h5 39.Ra3
f5 40.Ra6 Kf6 41.gxf5 Kxf5 42.Rc6 g4 43.hxg4+ hxg4 44.f3 gxf3+ 45.Kxf3  1/2-1/2

[Event "1. Bundesliga 2018/2019"]
[Site "St. Veit an der Glan"]
[Date "2019.01.17"]
[Round "5"]
[Board "6"]
[White "Boensch, Uwe"]
[Black "Schiestl, Josef"]
[Result "1/2-1/2"]
[WhiteElo "2525"]
[BlackElo "2118"]
[PlyCount "79"]
[EventDate "2018.11.15"]
[EventType "team"]
[EventRounds "11"]
[EventCountry "AUT"]
[WhiteTeam "Schachklub Sparkasse Jenbach"]
[BlackTeam "SK Mayrhofen/Zell/Zillertal"]

1.d4 Nf6 2.c4 g6 3.Nc3 Bg7 4.e4 d6 5.h3 O-O 6.Nf3 e5 7.d5 a5 8.g4 Na6 9.Be3 Nc5 10.Nd2
c6 11.Be2 a4 12.Kf1 Qa5 13.Rb1 Bd7 14.g5 Ne8 15.Kg2 f5 16.f3 Nc7 17.Qg1 N7a6 18.a3
Rab8 19.h4 f4 20.Bf2 Qd8 21.Qd1 Rf7 22.b4 axb3 23.Nxb3 Nxb3 24.Qxb3 c5 25.Qb6 Nc7
26.Rb3 Ra8 27.Qxb7 Bc8 28.Qc6 Ra6 29.Rb6 Rxa3 30.Nb5 Nxb5 31.Qxb5 Rfa7 32.Rb1 Bf8
33.Rb8 Ra8 34.Rxa8 Rxa8 35.Kg1 Be7 36.Qb6 Qxb6 37.Rxb6 Kf7 38.Rb2 Ra1+ 39.Kg2 Ba6
40.Rc2  1/2-1/2

[Event "1. Bundesliga 2018/2019"]
[Site "St. Veit an der Glan"]
[Date "2019.01.17"]
[Round "5"]
[Board "1"]
[White "Huschenbeth, Niclas"]
[Black "Bosiocic, Marin"]
[Result "1-0"]
[WhiteElo "2608"]
[BlackElo "2613"]
[PlyCount "127"]
[EventDate "2018.11.15"]
[EventType "team"]
[EventRounds "11"]
[EventCountry "AUT"]
[WhiteTeam "Schachclub Sparkasse Goetzis"]
[BlackTeam "SV Pillenkoenig St. Veit"]

1. e4 e5 2. Nf3 Nc6 3. Bb5 a6 4. Ba4 d6 5. O-O Bd7 6. d4 Nxd4 7. Bxd7+ Qxd7 8.
Nxd4 exd4 9. Qxd4 Nf6 10. Nc3 Be7 11. Bg5 h6 12. Be3 O-O 13. Rad1 Qe6 14. Rfe1
Rfe8 15. h3 c6 16. Qb6 Rab8 17. Bf4 Nd7 18. Qd4 Ne5 19. Bg3 Qg6 20. Ne2 h5 21.
Qe3 h4 22. Bh2 Nc4 23. Qc3 b5 24. b3 Bf6 25. Qf3 Ne5 26. Qe3 Bd8 27. Nd4 Bb6
28. Qf4 Bxd4 29. Rxd4 Re6 30. Kf1 Qh7 31. Red1 Ng6 32. Qf5 Rbe8 33. Bxd6 Qh6
34. Bh2 Rf6 35. Qg4 Qe3 36. Qe2 Qg5 37. Qd2 Qc5 38. c4 Rfe6 39. f3 Qh5 40. cxb5
axb5 41. Rd8 Rxd8 42. Qxd8+ Kh7 43. Qd4 Ne5 44. Bxe5 Rxe5 45. Rc1 Re6 46. Qc5
Qh6 47. Rd1 Qf6 48. Kg1 Re5 49. Qd4 Qf4 50. Qd2 Qg3 51. Qf2 Qf4 52. Qd2 Qg3 53.
Rc1 Re6 54. a4 bxa4 55. bxa4 Rd6 56. Qe3 c5 57. Qxc5 g6 58. Qc4 Qf4 59. a5 Kh6
60. Ra1 Rd2 61. Qf1 Qe5 62. a6 Qd4+ 63. Kh1 Qb2 64. a7  1-0

[Event "1. Bundesliga 2018/2019"]
[Site "St. Veit an der Glan"]
[Date "2019.01.17"]
[Round "5"]
[Board "2"]
[White "Brkic, Ante"]
[Black "Krassowizkij, Jaroslaw"]
[Result "1-0"]
[WhiteElo "2560"]
[BlackElo "2460"]
[PlyCount "81"]
[EventDate "2018.11.15"]
[EventType "team"]
[EventRounds "11"]
[EventCountry "AUT"]
[WhiteTeam "SV Pillenkoenig St. Veit"]
[BlackTeam "Schachclub Sparkasse Goetzis"]

1.e4 e6 2.d4 d5 3.Nc3 Nf6 4.e5 Nfd7 5.f4 c5 6.Nf3 Nc6 7.Be3 cxd4 8.Nxd4 Qb6 9.Qd2
Qxb2 10.Rb1 Qa3 11.Bb5 Nxd4 12.Bxd4 a6 13.Bxd7+ Bxd7 14.Rb3 Qe7 15.Rxb7 Qh4+ 16.g3
Qh3 17.Rf1 Bc8 18.Rb3 Bd7 19.Rb7 Bc8 20.Rb3 Bd7 21.f5 Rc8 22.Rb6 Be7 23.f6 gxf6 24.exf6
Bd8 25.Rxa6 Rg8 26.Ra7 Rg4 27.Rf4 Bc7 28.Nxd5 Bxf4 29.Nxf4 Rxf4 30.Qxf4 Qxh2 31.c3
Bb5 32.Qg4 Qh1+ 33.Kd2 Qh6+ 34.Kc2 Qg6+ 35.Qxg6 hxg6 36.a4 Bc6 37.a5 Be4+ 38.Kd2 e5
39.Bxe5 Rc5 40.Re7+ Kd8 41.Bd4  1-0

[Event "1. Bundesliga 2018/2019"]
[Site "St. Veit an der Glan"]
[Date "2019.01.17"]
[Round "5"]
[Board "3"]
[White "Kvetny, Mark"]
[Black "Kuljasevic, Davorin"]
[Result "1/2-1/2"]
[WhiteElo "2409"]
[BlackElo "2550"]
[PlyCount "115"]
[EventDate "2018.11.15"]
[EventType "team"]
[EventRounds "11"]
[EventCountry "AUT"]
[WhiteTeam "Schachclub Sparkasse Goetzis"]
[BlackTeam "SV Pillenkoenig St. Veit"]

1.c4 e5 2.g3 Nf6 3.Bg2 d5 4.cxd5 Nxd5 5.Nf3 Nc6 6.O-O Nb6 7.b3 Bd6 8.Bb2 O-O 9.d3
a5 10.a3 Be6 11.Nbd2 Qe7 12.Nc4 a4 13.Qc1 axb3 14.Nfxe5 Nxe5 15.Nxe5 Na4 16.Bxb7 Bxe5
17.Bxe5 Rab8 18.Qc6 Nc5 19.Bxc7 Nxb7 20.Bxb8 Rxb8 21.Rab1 Qxa3 22.Qc7 Qd6 23.Rfc1
Qxc7 24.Rxc7 Nd6 25.Kf1 Kf8 26.e3 Nb5 27.Rc5 Ke7 28.Rb2 Kd6 29.Rc1 Ra8 30.Ke1 g5 31.Kd2
f5 32.f3 Ra4 33.f4 h6 34.Rcb1 Ra8 35.e4 Nd4 36.Ke3 Nc2+ 37.Kd2 Nd4 38.Ke3 Ra4 39.fxg5
hxg5 40.h4 Nc2+ 41.Kf3 fxe4+ 42.dxe4 Ke5 43.hxg5 Rc4 44.g6 Rc3+ 45.Kf2 Kf6 46.g4 Kxg6
47.Rg1 Kg5 48.Rg3 Rxg3 49.Kxg3 Ne3 50.Rb1 Nxg4 51.Kf3 Kf6 52.Ke2 Ke5 53.Kd3 Nf2+ 54.Kc3
Nxe4+ 55.Kb4 Nd2 56.Rb2 Nf3 57.Rxb3 Bxb3 58.Kxb3  1/2-1/2

[Event "1. Bundesliga 2018/2019"]
[Site "St. Veit an der Glan"]
[Date "2019.01.17"]
[Round "5"]
[Board "4"]
[White "Rogic, Davor"]
[Black "Walter, Stefan"]
[Result "1-0"]
[WhiteElo "2499"]
[BlackElo "2403"]
[PlyCount "81"]
[EventDate "2018.11.15"]
[EventType "team"]
[EventRounds "11"]
[EventCountry "AUT"]
[WhiteTeam "SV Pillenkoenig St. Veit"]
[BlackTeam "Schachclub Sparkasse Goetzis"]

1.e4 e5 2.Nf3 Nc6 3.Bb5 a6 4.Ba4 Nf6 5.O-O Be7 6.Re1 b5 7.Bb3 d6 8.c3 O-O 9.h3 Na5
10.Bc2 c5 11.d4 Nd7 12.dxc5 dxc5 13.Nbd2 Bb7 14.Nf1 Nc4 15.Qe2 Re8 16.b3 Nd6 17.N3d2
Bg5 18.Bb2 Qc7 19.Rad1 Nf8 20.Ne3 Bxe3 21.Qxe3 Ne6 22.Nf1 Rad8 23.Qg3 a5 24.Qg4 Bc8
25.Qh4 f6 26.Bc1 b4 27.Ne3 bxc3 28.Nd5 Qf7 29.Nxc3 Nd4 30.Bd3 Be6 31.f4 c4 32.fxe5
fxe5 33.bxc4 Bxc4 34.Bg5 Rb8 35.Nd5 Bxd5 36.exd5 g6 37.Rf1 Qxd5 38.Bxg6 Nf3+ 39.gxf3
Qc5+ 40.Qf2 Qxf2+ 41.Rxf2  1-0

[Event "1. Bundesliga 2018/2019"]
[Site "St. Veit an der Glan"]
[Date "2019.01.17"]
[Round "5"]
[Board "5"]
[White "Kessler, Luca"]
[Black "Dietmayer-Kraeutler, Marco"]
[Result "1/2-1/2"]
[WhiteElo "2432"]
[BlackElo "2340"]
[PlyCount "55"]
[EventDate "2018.11.15"]
[EventType "team"]
[EventRounds "11"]
[EventCountry "AUT"]
[WhiteTeam "Schachclub Sparkasse Goetzis"]
[BlackTeam "SV Pillenkoenig St. Veit"]

1.Nf3 d5 2.g3 Nf6 3.Bg2 c6 4.O-O Bg4 5.d3 Nbd7 6.Nbd2 e5 7.h3 Bh5 8.e4 Bc5 9.Qe1 O-O
10.Nb3 Bb6 11.a4 Qe7 12.a5 Bc7 13.Nh4 Qe6 14.Bd2 b5 15.f4 exf4 16.gxf4 dxe4 17.dxe4
Rfe8 18.e5 Qc4 19.Nf5 Nd5 20.Rf2 f6 21.Bf1 Qxc2 22.Nbd4 Qxb2 23.e6 Nc5 24.Rb1 Qa3
25.Ra1 Qb2 26.Rb1 Qa3 27.Ra1 Qb2 28.Rb1  1/2-1/2

[Event "1. Bundesliga 2018/2019"]
[Site "St. Veit an der Glan"]
[Date "2019.01.17"]
[Round "5"]
[Board "6"]
[White "Ceschia, Ivano"]
[Black "Anistratov, Dmitrij"]
[Result "1-0"]
[WhiteElo "2244"]
[BlackElo "2298"]
[PlyCount "75"]
[EventDate "2018.11.15"]
[EventType "team"]
[EventRounds "11"]
[EventCountry "AUT"]
[WhiteTeam "SV Pillenkoenig St. Veit"]
[BlackTeam "Schachclub Sparkasse Goetzis"]

1.e4 d6 2.d4 Nf6 3.Nc3 e5 4.Nf3 Nbd7 5.Bc4 Be7 6.O-O O-O 7.Re1 c6 8.a4 a5 9.h3 exd4
10.Qxd4 Nc5 11.e5 Ne8 12.exd6 Bxd6 13.Bg5 Qc7 14.Ne4 Nxe4 15.Qxe4 Bc5 16.Bd3 g6 17.Qh4
Be6 18.Nd2 Bf5 19.Bxf5 gxf5 20.Bh6 Ng7 21.Bxg7 Kxg7 22.Qg5+ Kh8 23.Qf6+ Kg8 24.Qxf5
Bd4 25.Re4 Bg7 26.Rh4 h6 27.Ne4 Rfd8 28.Rg4 Kf8 29.Qc5+ Qe7 30.Qxe7+ Kxe7 31.Rxg7
Rd4 32.Re1 Kf8 33.Rg3 Re8 34.Rg8+ Kxg8 35.Nf6+ Kf8 36.Rxe8+ Kg7 37.Nh5+ Kg6 38.Ng3  1-0

[Event "1. Bundesliga 2018/2019"]
[Site "St. Veit an der Glan"]
[Date "2019.01.18"]
[Round "6"]
[Board "1"]
[White "Bindrich, Falko"]
[Black "Bosiocic, Marin"]
[Result "1/2-1/2"]
[WhiteElo "2609"]
[BlackElo "2613"]
[PlyCount "60"]
[EventDate "2018.11.15"]
[EventType "team"]
[EventRounds "11"]
[EventCountry "AUT"]
[WhiteTeam "SK Hohenems"]
[BlackTeam "SV Pillenkoenig St. Veit"]

1.d4 Nf6 2.c4 e6 3.g3 Bb4+ 4.Bd2 Be7 5.Bg2 d5 6.Nf3 c6 7.Qc2 Nbd7 8.O-O b6 9.a4 Ba6
10.b3 Ne4 11.Nc3 Nxd2 12.Nxd2 O-O 13.Rfd1 Rc8 14.e4 Qc7 15.Qb2 dxe4 16.Ndxe4 f5 17.Nd2
Bf6 18.Nf3 e5 19.dxe5 Nxe5 20.Nd4 Rce8 21.Nxf5 Nf7 22.Qc2 Bc8 23.Ne3 Ng5 24.Rf1 Nh3+
25.Kh1 Bxc3 26.Qxc3 Nxf2+ 27.Kg1 Nh3+ 28.Kh1 Nf2+ 29.Kg1 Nh3+ 30.Kh1 Nf2+ 1/2-1/2

[Event "1. Bundesliga 2018/2019"]
[Site "St. Veit an der Glan"]
[Date "2019.01.18"]
[Round "6"]
[Board "2"]
[White "Brkic, Ante"]
[Black "Martinovic, Sasa"]
[Result "1/2-1/2"]
[WhiteElo "2560"]
[BlackElo "2555"]
[PlyCount "87"]
[EventDate "2018.11.15"]
[EventType "team"]
[EventRounds "11"]
[EventCountry "AUT"]
[WhiteTeam "SV Pillenkoenig St. Veit"]
[BlackTeam "SK Hohenems"]

1.d4 Nf6 2.c4 g6 3.Nc3 Bg7 4.e4 d6 5.h3 Nbd7 6.Be3 e5 7.d5 Nc5 8.Qc2 a5 9.Nge2 h5
10.g3 O-O 11.Bg2 c6 12.Bg5 Qb6 13.O-O Bd7 14.Rad1 Rfc8 15.dxc6 Rxc6 16.Bxf6 Bxf6 17.Nd5
Qd8 18.f4 Na6 19.Qb3 Nc7 20.Qf3 Nxd5 21.cxd5 Rb6 22.fxe5 dxe5 23.d6 Bb5 24.d7 Bxd7
25.Nc3 Raa6 26.Nd5 Rd6 27.Qb3 b5 28.Nxf6+ Rxf6 29.Rxf6 Rxf6 30.Qxb5 Bxb5 31.Rxd8+
Kg7 32.Rd5 Rb6 33.Rxe5 a4 34.Rc5 Bd3 35.Ra5 Bc2 36.b3 axb3 37.axb3 Rxb3 38.Kf2 Rb2
39.Kg1 Rb4 40.e5 Bb3 41.h4 Be6 42.Bd5 Bxd5 43.Rxd5 Rb2 44.Rd8 1/2-1/2

[Event "1. Bundesliga 2018/2019"]
[Site "St. Veit an der Glan"]
[Date "2019.01.18"]
[Round "6"]
[Board "3"]
[White "Rozentalis, Eduardas"]
[Black "Kuljasevic, Davorin"]
[Result "1/2-1/2"]
[WhiteElo "2568"]
[BlackElo "2550"]
[PlyCount "71"]
[EventDate "2018.11.15"]
[EventType "team"]
[EventRounds "11"]
[EventCountry "AUT"]
[WhiteTeam "SK Hohenems"]
[BlackTeam "SV Pillenkoenig St. Veit"]

1.e4 e5 2.Nf3 Nc6 3.Bc4 Bc5 4.c3 Nf6 5.d3 d6 6.a4 a6 7.O-O O-O 8.Re1 Ba7 9.h3 h6 10.Na3
Ne7 11.Nc2 Ng6 12.Be3 Bb8 13.a5 Re8 14.Nb4 Be6 15.Bxe6 Rxe6 16.Nd5 Nxd5 17.exd5 Re7
18.Nd2 Ba7 19.Bxa7 Rxa7 20.Nc4 Qd7 21.Ne3 Nf4 22.d4 Ra8 23.dxe5 Rxe5 24.Qf3 Ng6 25.Qg4
Qb5 26.Qb4 Qxb4 27.cxb4 Nf4 28.Red1 Re4 29.Rd2 Rxb4 30.Rc1 Rc8 31.Rdc2 Rb5 32.Rxc7
Rxc7 33.Rxc7 Nxd5 34.Rc8+ Kh7 35.Nc4 Rc5 36.Nxd6 1/2-1/2

[Event "1. Bundesliga 2018/2019"]
[Site "St. Veit an der Glan"]
[Date "2019.01.18"]
[Round "6"]
[Board "4"]
[White "Rogic, Davor"]
[Black "Henrichs, Thomas"]
[Result "1-0"]
[WhiteElo "2499"]
[BlackElo "2443"]
[PlyCount "73"]
[EventDate "2018.11.15"]
[EventType "team"]
[EventRounds "11"]
[EventCountry "AUT"]
[WhiteTeam "SV Pillenkoenig St. Veit"]
[BlackTeam "SK Hohenems"]

1.e4 e5 2.Nf3 Nc6 3.Bb5 a6 4.Ba4 Nf6 5.O-O Be7 6.Re1 b5 7.Bb3 d6 8.c3 O-O 9.h3 Nb8
10.d4 Nbd7 11.Nbd2 Bb7 12.Bc2 Re8 13.a4 Bf8 14.Bd3 c6 15.Qc2 g6 16.Nb3 Qc7 17.dxe5
dxe5 18.c4 bxa4 19.Rxa4 c5 20.Be3 Nh5 21.Rea1 Ng7 22.Na5 Bc8 23.Nd2 Ne6 24.Nb1 Nd4
25.Qd1 Rb8 26.R1a2 Bg7 27.Nc3 Qd6 28.Nd5 Nf8 29.b4 Nfe6 30.b5 Bd7 31.Rb2 Bxb5 32.cxb5
axb5 33.Ra1 c4 34.Bf1 Nc5 35.Nc3 Nce6 36.Qb1 Rec8 37.Nxb5 1-0

[Event "1. Bundesliga 2018/2019"]
[Site "St. Veit an der Glan"]
[Date "2019.01.18"]
[Round "6"]
[Board "5"]
[White "Atlas, Valery"]
[Black "Dietmayer-Kraeutler, Marco"]
[Result "1-0"]
[WhiteElo "2445"]
[BlackElo "2340"]
[PlyCount "147"]
[EventDate "2018.11.15"]
[EventType "team"]
[EventRounds "11"]
[EventCountry "AUT"]
[WhiteTeam "SK Hohenems"]
[BlackTeam "SV Pillenkoenig St. Veit"]

1.e4 e5 2.Nf3 Nc6 3.Bc4 Bc5 4.d3 Nf6 5.O-O d6 6.c3 a6 7.Bb3 O-O 8.Re1 Ba7 9.h3 Ne7
10.Nbd2 Ng6 11.Nf1 Nh5 12.Bg5 Qe8 13.Be3 Nhf4 14.Kh2 Be6 15.Bxa7 Rxa7 16.d4 Qc8 17.Ng1
c5 18.Bxe6 Nxe6 19.d5 Nc7 20.Ne3 Ne7 21.b4 Ne8 22.Ne2 a5 23.Rc1 axb4 24.cxb4 b6 25.Nc3
f5 26.f3 fxe4 27.fxe4 Rf2 28.Kg1 Rb2 29.bxc5 bxc5 30.Re2 Rb4 31.Nc2 Rbb7 32.Ne3 Ng6
33.Nc4 Rb4 34.Nb1 Nf4 35.Rec2 Raa4 36.a3 Rb8 37.Rc3 Ra6 38.Nbd2 Qd8 39.Kh2 Qg5 40.Qf1
Ra7 41.Rf3 Qe7 42.g3 Nh5 43.Qe2 Nhf6 44.Rcf1 Qf7 45.g4 Qg6 46.Rf5 h6 47.Rg1 Nd7 48.h4
Ndf6 49.h5 Qf7 50.Qf3 Rab7 51.Rg2 Rd8 52.Qh3 Qd7 53.g5 hxg5 54.Rgxg5 Kh7 55.Rg6 Ng8
56.Re6 Nh6 57.Rg5 Qf7 58.Qg3 Re7 59.Reg6 Nf6 60.Qf3 Red7 61.Ne3 Ra7 62.Nf5 Ne8 63.Qe3
Nxf5 64.Rxf5 Qe7 65.Nf3 Rda8 66.Re6 Qd7 67.Rf8 Nf6 68.Ng5+ Kh6 69.Rexf6+ gxf6 70.Rxf6+
Kxh5 71.Ne6 Qxe6 72.dxe6 Rxa3 73.Rf5+ Kg6 74.Qg5+ 1-0

[Event "1. Bundesliga 2018/2019"]
[Site "St. Veit an der Glan"]
[Date "2019.01.18"]
[Round "6"]
[Board "6"]
[White "Ceschia, Ivano"]
[Black "Baenziger, Fabian"]
[Result "1/2-1/2"]
[WhiteElo "2244"]
[BlackElo "2349"]
[PlyCount "65"]
[EventDate "2018.11.15"]
[EventType "team"]
[EventRounds "11"]
[EventCountry "AUT"]
[WhiteTeam "SV Pillenkoenig St. Veit"]
[BlackTeam "SK Hohenems"]

1.e4 c5 2.Nf3 e6 3.d4 cxd4 4.Nxd4 a6 5.Nc3 b5 6.Bd3 Bb7 7.O-O Nc6 8.Nxc6 Bxc6 9.Qe2
Bd6 10.a4 b4 11.Nd5 Ne7 12.Nxe7 Qxe7 13.e5 Bc7 14.Bxa6 Qc5 15.Re1 O-O 16.Bd3 f5 17.b3
Ra5 18.Bb2 f4 19.Rad1 f3 20.Qe3 Qxe3 21.Rxe3 Bb6 22.Rxf3 Bxf3 23.gxf3 Rxf3 24.Rd2
Rd5 25.Kg2 Rf8 26.Re2 Rc8 27.Re4 Rf8 28.f3 Bc5 29.Rh4 g6 30.Rc4 g5 31.Rg4 Be3 32.Rxb4
Rc8 33.Kf1 1/2-1/2

[Event "1. Bundesliga 2018/2019"]
[Site "St. Veit an der Glan"]
[Date "2019.01.18"]
[Round "6"]
[Board "2"]
[White "Krassowizkij, Jaroslaw"]
[Black "Volokitin, Andrei"]
[Result "1/2-1/2"]
[WhiteElo "2460"]
[BlackElo "2637"]
[PlyCount "138"]
[EventDate "2018.11.15"]
[EventType "team"]
[EventRounds "11"]
[EventCountry "AUT"]
[WhiteTeam "Schachclub Sparkasse Goetzis"]
[BlackTeam "Schachklub Sparkasse Jenbach"]

1.c4 e5 2.g3 Nf6 3.Bg2 d5 4.cxd5 Nxd5 5.Nc3 Nb6 6.Nf3 Nc6 7.O-O Be7 8.a3 a5 9.d3 O-O
10.Be3 Be6 11.Rc1 a4 12.Bxb6 cxb6 13.Nd2 b5 14.Nxb5 Qb6 15.Nc3 Qxb2 16.Nxa4 Rxa4 17.Qxa4
Qxd2 18.Rc2 Qh6 19.Bxc6 bxc6 20.Qxc6 Bxa3 21.Ra1 Be7 22.Ra8 g6 23.Rxf8+ Qxf8 24.Rc1
Bf6 25.Qc5 Qa8 26.Qc6 Qb8 27.Qc7 Qb4 28.Qc5 Qg4 29.Ra1 h5 30.f3 Qg5 31.Qc1 Qxc1+ 32.Rxc1
Bg5 33.Rb1 Be3+ 34.Kg2 g5 35.h3 Kg7 36.Rb5 Kf6 37.g4 h4 38.Ra5 Bc8 39.Ra4 Bb7 40.Rb4
Bd5 41.Ra4 Ke6 42.Ra6+ Kd7 43.Kf1 Bc6 44.Ra2 Kd6 45.Rc2 Kc7 46.Rc4 Kb6 47.Rb4+ Kc5
48.Rb8 Bd7 49.Rb7 Be6 50.Ke1 f5 51.Kf1 fxg4 52.fxg4 Kd4 53.Rb6 Ba2 54.Rb2 Bd5 55.Rb4+
Kc5 56.Rb8 Bh1 57.Rc8+ Kb4 58.Re8 Bf4 59.Rc8 Bd5 60.e4 Bb3 61.Ke2 Ka3 62.Ra8+ Kb2
63.Rb8 Bh2 64.Rb5 Kc3 65.Rc5+ Kb2 66.Rb5 Bf4 67.Rb8 Kc3 68.Rc8+ Kb4 69.Rb8+ Kc3 1/2-1/2